000 01128nam0a22002651 4500
001 rc\3658296
005 20250610055516.0
035 _a(NLR Aleph) 007738338
090 _a7131092
_c7131092
100 _a20130115d1970 |||y0rusy50 ca
101 0 _arus
102 _aRU
105 _ay b |||||
200 1 _aЗащита по делам об автодорожных преступлениях
_eМетод. пособие для адвокатов
_fС предисл. проф. Зотова Б.Л.
_gМоск. обществ. науч.-исслед. ин-т судебной защиты и усовершенствования адвокатов при президиумах моск. гор. и обл. коллегий адвокатов
210 _aМосква
_cБ. и.
_d1970
215 _a100 с.
_d22
333 _aДля служебного пользования. Экз. № 45
700 1 _aКроник
_bС.Л.
701 1 _aФурер
_bИ.З.
702 1 _aЗотов
_bБ.Л.
_4080
801 0 _aRU
_bNLR
_gpsbo
801 1 _aRU
_bELAR
_2rusmarc
852 _aNLR
_j71-50К/1706
942 _cBOOK
980 _aNB